Joueurs passés par les Girondins de Bordeaux - Mort subite - Statistiques

Statistiques générales
  • Ce quiz a été pris 169 fois
  • Le résultat moyen est 13 sur 20
Answers on the Grid
Answers color-coded by a green-red scale on the quiz's grid according to % correct below.
Yoann Gourcuff
Jules Koundé
Malcom
Andy Carroll
Rio Mavuba
Sékou Mara
Aurélien Tchouaméni
Pauleta
Bixente Lizarazu
Alain Giresse
Alou Diarra
Marouane Chamakh
Laurent Koscielny
Hatem Ben Arfa
Hwang Ui-jo
Nicolas Pallois
Mauricio Pochettino
Jimmy Briand
Wahbi Khazri
Grzegorz Krychowiak
Hugo Lloris
Antoine Griezmann
Philippe Coutinho
Pierre Lees-Melou
Keigo Tsunemoto
Didier Drogba
Dante
Wout Faes
Gervinho
Benoît Badiashile
Benjamin Bourigeaud
Eden Hazard
Djibril Sidibé
Domagoj Vida
Andrey Santos
Kamil Glik
 
Statistiques - réponses
Réponse % Correct
Yoann Gourcuff
82%
Malcom
75%
Alain Giresse
73%
Bixente Lizarazu
73%
Jules Koundé
72%
Pauleta
72%
Jimmy Briand
70%
Marouane Chamakh
70%
Aurélien Tchouaméni
68%
Laurent Koscielny
68%
Rio Mavuba
64%
Andy Carroll
61%
Hatem Ben Arfa
61%
Hwang Ui-jo
60%
Alou Diarra
58%
Sékou Mara
58%
Wahbi Khazri
58%
Nicolas Pallois
54%
Grzegorz Krychowiak
40%
Mauricio Pochettino
24%
Aucun quiz correspondant
Distribution des résultats
% des personnes avec chaque résultat
Percentile par nombre de réponses
Votre historique - résultats
Vous n’avez pas pris ce quiz